| 000 | 00525nam a22001817a 4500 | ||
|---|---|---|---|
| 003 | OSt | ||
| 082 |
_a631.3 _bARC/PL |
||
| 088 | _aP 610 | ||
| 100 |
_aArchana I B _96208 |
||
| 245 | _aPlanning and estimation of pilot project on agrivoltaic system for RARS Pattambi / | ||
| 260 |
_aTavanur : _bDepartment of Farm Machinery & Power Engineering, _c2024. |
||
| 300 | _ap. | ||
| 700 |
_aAkshay Parameswaran _96209 |
||
| 700 |
_aAbhirami Bhaskar _96210 |
||
| 700 |
_aArchana A _96211 |
||
| 700 | _aJayan P R (Guide) | ||
| 942 | _cPR | ||
| 999 |
_c18090 _d18090 |
||